000 00379nam a22001337a 4500
003 SGT
020 _a978816729982
082 _a891.4309
_bR17S
100 _aसिंह, पुष्पपाल
245 _a राजकमल बहत हिंदी शब्दकोष
260 _b राजकमल प्रकाशन
_c2017
300 _a964
942 _2ddc
_cBK
999 _c31421
_d31421